[Event "ARG-ch U18"]
[Site "Ibague"]
[Date "2024.03.15"]
[Round "3"]
[White "Soto Ramirez, Andres Camilo"]
[Black "Guarin Fonseca, Nobel Alfredo"]
[Result "0-1"]
[WhiteElo "1732"]
[BlackElo "1992"]
[PlyCount "78"]
[EventDate "2024.03.14"]
[EventType "swiss"]
[EventRounds "7"]
[EventCountry "COL"]
[SourceTitle "CB12_2024"]
[SourceDate "2023.10.01"]
[SourceVersion "1"]
[SourceVersionDate "2023.10.01"]
[SourceQuality "1"]

1. e4 d6 2. d4 Nf6 3. Nc3 g6 4. Bf4 c6 5. Qd2 b5 6. Be2 b4 7. Na4 Qa5 8. e5 dxe5 9. dxe5 Nd5 10. b3 Nxf4 11. Qxf4 Bg7 12. Nf3 0-0 13. Nb2 Be6 14. Bc4 Nd7 15. Bxe6 fxe6 16. Qg4 Nxe5 17. Qxe6+ Kh8 18. Nxe5 Bxe5 19. Nc4 Bc3+ 20. Kf1 Qc5 21. f3 Bxa1 22. Ke2 Bc3 23. Rd1 Qf5 24. Qxf5 gxf5 25. Rd7 a5 26. Kf2 Bf6 27. Rc7 Rfc8 28. Rb7 Rd8 29. Rc7 Ra6 30. Ke2 f4 31. Nd2 a4 32. Ne4 axb3 33. axb3 Ra2 34. Rxc6 Bc3 35. Nxc3 Rxc2+ 36. Ke1 bxc3 37. b4 Ra8 38. Kd1 Rd2+ 39. Kc1 Ra1# 0-1

[Event "Medellin Flores op 30th"]
[Site "Medellin"]
[Date "2023.08.06"]
[Round "7"]
[White "Guarin Fonseca, Nobel Alfredo"]
[Black "Toro Castaneda, Elizabeth"]
[Result "1-0"]
[WhiteElo "1787"]
[BlackElo "1978"]
[PlyCount "77"]
[EventDate "2023.08.03"]
[EventType "swiss"]
[EventRounds "9"]
[EventCountry "COL"]
[SourceTitle "EXT 2024"]
[Source "ChessBase"]
[SourceDate "2023.10.10"]
[SourceVersion "1"]
[SourceVersionDate "2023.10.10"]
[SourceQuality "1"]

1. d4 Nf6 2. Bg5 g6 3. Bxf6 exf6 4. g3 Bg7 5. Bg2 0-0 6. e3 d5 7. Ne2 c6 8. Nd2 Bg4 9. 0-0 Re8 10. c4 dxc4 11. Nxc4 Bxe2 12. Qxe2 Qxd4 13. Rfd1 Qc5 14. b4 Qe7 15. b5 Rf8 16. Na5 f5 17. Rab1 a6 18. bxc6 bxc6 19. Rb7 Qc5 20. Nb3 Qe5 21. Nd2 Qc5 22. Qc4 Qd6 23. Qb3 a5 24. Nc4 Qf6 25. Nb6 a4 26. Qb4 Na6 27. Qa5 Qb2 28. Bxc6 Bc3 29. Nxa8 Qe2 30. Qxc3 Qxd1+ 31. Kg2 Qd6 32. Nb6 Nc5 33. Rd7 Qxc6+ 34. Nd5 f6 35. Qc4 Rf7 36. f3 Qa6 37. Ne7+ Kh8 38. Rd8+ Kg7 39. Rg8+ 1-0

[Event "COL-ch U18"]
[Site "Bogota"]
[Date "2023.05.12"]
[Round "3"]
[White "Guarin Fonseca, Nobel Alfredo"]
[Black "Rueda Rojas, Richard Alejandro"]
[Result "1/2-1/2"]
[WhiteElo "1773"]
[BlackElo "1708"]
[PlyCount "105"]
[EventDate "2023.05.11"]
[EventType "swiss"]
[EventRounds "7"]
[EventCountry "COL"]
[SourceTitle "CBM 214 Extra"]
[Source "ChessBase"]
[SourceDate "2023.07.31"]
[SourceVersion "1"]
[SourceVersionDate "2023.07.31"]
[SourceQuality "1"]

1. Nf3 Nf6 2. g3 g6 3. Bg2 Bg7 4. 0-0 0-0 5. d4 d5 6. c4 c6 7. b3 Ne4 8. Bb2 Na6 9. Nfd2 Nxd2 10. Nxd2 Bf5 11. Rc1 Qd7 12. Re1 Rac8 13. Nf3 Rfd8 14. Ne5 Bxe5 15. dxe5 dxc4 16. e4 Qxd1 17. Rexd1 Be6 18. bxc4 Rxd1+ 19. Rxd1 Bxc4 20. Rd7 Nc5 21. Rd2 Nd3 22. Ba3 c5 23. f4 Ba6 24. Rc2 b5 25. Bf1 b4 26. Bc1 c4 27. Bxd3 cxd3 28. Rxc8+ Bxc8 29. Kf2 Be6 30. a3 b3 31. Ke3 Bc4 32. Bb2 e6 33. Bd4 Kf8 34. Kd2 Ke7 35. Ke3 Kd7 36. Kd2 Kc6 37. Ke3 Ba6 38. Bb2 Kc5 39. Ba1 Kc4 40. Bb2 Bb7 41. Ba1 Bxe4 42. Bb2 h5 43. h4 a5 44. Ba1 b2 45. Bxb2 Kb3 46. Bc1 Kc2 47. Bd2 a4 48. Bb4 Bc6 49. Ba5 Bb5 50. Bb4 Kb3 51. Bf8 Kc4 52. Bb4 Kd5 53. Bc3 1/2-1/2

[Event "COL-ch U18"]
[Site "Bogota"]
[Date "2023.05.11"]
[Round "1"]
[White "Guarin Fonseca, Nobel Alfredo"]
[Black "Cuartas Lozano, Santiago"]
[Result "1-0"]
[WhiteElo "1773"]
[BlackElo "1413"]
[PlyCount "53"]
[EventDate "2023.05.11"]
[EventType "swiss"]
[EventRounds "7"]
[EventCountry "COL"]
[SourceTitle "CBM 214 Extra"]
[Source "ChessBase"]
[SourceDate "2023.07.31"]
[SourceVersion "1"]
[SourceVersionDate "2023.07.31"]
[SourceQuality "1"]

1. d4 d5 2. Nf3 Nf6 3. g3 e6 4. Bg2 Bd6 5. 0-0 Nbd7 6. b3 0-0 7. c4 c6 8. Nc3 b6 9. Nd2 Bb4 10. Bb2 Re8 11. e4 Bxc3 12. Bxc3 Nf8 13. f4 a5 14. g4 g6 15. e5 N6d7 16. f5 Qg5 17. Qf3 h5 18. fxe6 fxe6 19. Qf7+ Kh8 20. Qxe8 Qe3+ 21. Kh1 Bb7 22. Qe7 Qxc3 23. Nf3 hxg4 24. Ng5 Qb4 25. Nf7+ Kg7 26. Qh4 Nh7 27. Qh6+ 1-0

[Event "COL-ch U18"]
[Site "Medellin"]
[Date "2022.06.05"]
[Round "8"]
[White "Guarin Fonseca, Nobel Alfredo"]
[Black "Hernandez, Jeronimo"]
[Result "0-1"]
[WhiteElo "1850"]
[BlackElo "2139"]
[PlyCount "46"]
[EventDate "2022.06.01"]
[EventType "swiss"]
[EventRounds "9"]
[EventCountry "COL"]
[SourceTitle "CBM 208 Extra"]
[Source "ChessBase"]
[SourceDate "2022.07.31"]
[SourceVersion "1"]
[SourceVersionDate "2022.07.31"]
[SourceQuality "1"]

1. e4 e5 2. Nf3 Nc6 3. Bc4 Nf6 4. d3 Bc5 5. 0-0 d6 6. h3 h6 7. Be3 Bb6 8. a4 0-0 9. Nc3 Be6 10. Ba2 Bxa2 11. Rxa2 d5 12. Bxb6 axb6 13. exd5 Nxd5 14. Nb5 Re8 15. Re1 Qd7 16. c3 Nf4 17. b4 Re6 18. Kh2 Rg6 19. g4 Rxg4 20. Ng1 Rg2+ 21. Kh1 Qd5 22. Re4 Qxa2 23. Rxf4 Rxg1+ 0-1

[Event "COL-ch U18"]
[Site "Medellin"]
[Date "2022.06.03"]
[Round "4"]
[White "Guarin Fonseca, Nobel Alfredo"]
[Black "Toro Ramirez, Samuel"]
[Result "1-0"]
[WhiteElo "1850"]
[BlackElo "1421"]
[PlyCount "33"]
[EventDate "2022.06.01"]
[EventType "swiss"]
[EventRounds "9"]
[EventCountry "COL"]
[SourceTitle "CBM 208 Extra"]
[Source "ChessBase"]
[SourceDate "2022.07.31"]
[SourceVersion "1"]
[SourceVersionDate "2022.07.31"]
[SourceQuality "1"]

1. c4 e5 2. g3 Nc6 3. Bg2 f5 4. Nc3 Nf6 5. e3 d5 6. cxd5 Nb4 7. d3 Nfxd5 8. Nxd5 Nxd5 9. Nf3 Bd6 10. 0-0 Qe7 11. Qb3 c6 12. e4 fxe4 13. dxe4 Nf6 14. Rd1 h6 15. Nh4 Be6 16. Qd3 Bc7 17. Ng6 1-0

[Event "Pereira Gildardo Garcia Memorial-A"]
[Site "Pereira"]
[Date "2022.05.19"]
[Round "4"]
[White "Guarin Fonseca, Nobel Alfredo"]
[Black "Lopez Idarraga, Daniel Eduardo"]
[Result "0-1"]
[WhiteElo "1884"]
[BlackElo "2028"]
[PlyCount "76"]
[EventDate "2022.05.18"]
[EventType "swiss"]
[EventRounds "10"]
[EventCountry "COL"]
[SourceTitle "CBM 208 Extra"]
[Source "ChessBase"]
[SourceDate "2022.07.31"]
[SourceVersion "1"]
[SourceVersionDate "2022.07.31"]
[SourceQuality "1"]

1. Nf3 d5 2. d4 Nf6 3. c4 c6 4. c5 b6 5. cxb6 axb6 6. Nc3 Bf5 7. Bf4 e6 8. e3 Bd6 9. Ne5 0-0 10. Be2 h6 11. 0-0 Qe7 12. Qb3 Nfd7 13. f3 Nxe5 14. dxe5 Bc5 15. Na4 Nd7 16. Nxc5 bxc5 17. Rfc1 c4 18. Qc3 Nc5 19. e4 Bg6 20. b3 dxe4 21. Qxc4 exf3 22. gxf3 Qh4 23. Bg3 Qxc4 24. Rxc4 Nxb3 25. Rd1 Rxa2 26. Bf1 Nd2 27. Rc3 Rb8 28. Bf4 Nxf1 29. Rxf1 Rb4 30. Bg3 h5 31. Rxc6 h4 32. Bf2 Bd3 33. Rd1 Be2 34. Rdc1 Bxf3 35. Rc8+ Kh7 36. R8c3 Bd5 37. h3 Rbb2 38. Bxh4 Rh2 0-1

[Event "Pereira Gildardo Garcia Memorial-A"]
[Site "Pereira"]
[Date "2022.05.18"]
[Round "1"]
[White "Soto, Cristian Camilo"]
[Black "Guarin Fonseca, Nobel Alfredo"]
[Result "1-0"]
[WhiteElo "2140"]
[BlackElo "1884"]
[PlyCount "53"]
[EventDate "2022.05.18"]
[EventType "swiss"]
[EventRounds "10"]
[EventCountry "COL"]
[SourceTitle "CBM 208 Extra"]
[Source "ChessBase"]
[SourceDate "2022.07.31"]
[SourceVersion "1"]
[SourceVersionDate "2022.07.31"]
[SourceQuality "1"]

1. c4 g6 2. Nc3 Bg7 3. d4 d6 4. e4 Nf6 5. f3 Nbd7 6. Nh3 e5 7. d5 0-0 8. g4 Ne8 9. Nf2 f5 10. gxf5 gxf5 11. exf5 Ndf6 12. Bd3 Nh5 13. Qc2 Qh4 14. Nce4 Nf4 15. Bxf4 exf4 16. f6 Nxf6 17. Nxf6+ Bxf6 18. 0-0-0 a5 19. Ne4 Bg7 20. Rdg1 Bf5 21. Ng5 Bxd3 22. Qxd3 Kh8 23. Ne6 Rf7 24. Nxg7 Rxg7 25. Rxg7 Kxg7 26. Rg1+ Kh6 27. Qd4 1-0

[Event "COL-ch U16"]
[Site "Villavicencio"]
[Date "2022.05.13"]
[Round "5"]
[White "Guarin Fonseca, Nobel Alfredo"]
[Black "Lopez Torres, Jorge Emmanuel"]
[Result "1-0"]
[WhiteElo "1884"]
[BlackElo "1322"]
[PlyCount "50"]
[EventDate "2022.05.11"]
[EventType "swiss"]
[EventRounds "9"]
[EventCountry "COL"]
[SourceTitle "CBM 208 Extra"]
[Source "ChessBase"]
[SourceDate "2022.07.31"]
[SourceVersion "1"]
[SourceVersionDate "2022.07.31"]
[SourceQuality "1"]

1. e4 e6 2. d4 d5 3. e5 c5 4. c3 Nc6 5. a3 a5 6. a4 Qb6 7. Bb5 Bd7 8. Ne2 cxd4 9. cxd4 Nge7 10. 0-0 Nf5 11. Be3 Nxe3 12. fxe3 Nxe5 13. dxe5 Qxe3+ 14. Kh1 Bxb5 15. axb5 Qxe5 16. b6 Bd6 17. Qa4+ Ke7 18. Ng3 Qxb2 19. Qh4+ f6 20. Ra4 g5 21. Qh6 Rag8 22. Rxa5 Rg6 23. Qh5 Bxg3 24. hxg3 Qxb6 25. Ra3 Ke8 1-0

[Event "COL-ch U16"]
[Site "Villavicencio"]
[Date "2022.05.11"]
[Round "1"]
[White "Guarin Fonseca, Nobel Alfredo"]
[Black "Rios Lopez, Brayan Stiven"]
[Result "1-0"]
[WhiteElo "1884"]
[BlackElo "1458"]
[PlyCount "57"]
[EventDate "2022.05.11"]
[EventType "swiss"]
[EventRounds "9"]
[EventCountry "COL"]
[SourceTitle "CBM 208 Extra"]
[Source "ChessBase"]
[SourceDate "2022.07.31"]
[SourceVersion "1"]
[SourceVersionDate "2022.07.31"]
[SourceQuality "1"]

1. Nf3 d5 2. d4 e6 3. g3 Nf6 4. Bg2 Be7 5. c4 0-0 6. 0-0 dxc4 7. Ne5 Nbd7 8. Nxc4 h6 9. Nc3 Rb8 10. Bf4 Bb4 11. Nb5 Nd5 12. Bxd5 exd5 13. Bxc7 Qf6 14. Ne3 Ra8 15. a3 Be7 16. Nxd5 Nb6 17. Nxf6+ Bxf6 18. Nxa7 Nd5 19. Nxc8 Raxc8 20. Be5 Bxe5 21. dxe5 Nc7 22. Rc1 Rfe8 23. Qd7 Rxe5 24. Qxc8+ Kh7 25. Rxc7 f6 26. f4 Rxe2 27. Qf5+ Kg8 28. Qg6 Kf8 29. Qf7# 1-0

[Event "COL Intercollegiate-ch"]
[Site "Manizales"]
[Date "2022.04.29"]
[Round "7.3"]
[White "Guarin Fonseca, Nobel Alfredo"]
[Black "Brito Carrascal, Camilo Andres"]
[Result "1/2-1/2"]
[WhiteElo "1884"]
[BlackElo "1682"]
[PlyCount "70"]
[EventDate "2022.04.26"]
[EventType "swiss"]
[EventRounds "7"]
[EventCountry "COL"]
[SourceTitle "EXT 2023"]
[Source "ChessBase"]
[SourceDate "2022.10.05"]
[SourceVersion "1"]
[SourceVersionDate "2022.10.05"]
[SourceQuality "1"]

1. d4 Nf6 2. c4 e6 3. g3 d5 4. Nf3 Be7 5. Bg2 0-0 6. 0-0 c6 7. Nc3 b6 8. Qd3 Bb7 9. Bf4 Nh5 10. Bd2 Nf6 11. e4 dxc4 12. Qe2 c5 13. dxc5 Bxc5 14. Ne5 Nc6 15. Nxc4 Nd4 16. Qd3 b5 17. Ne5 a6 18. Bg5 Nc6 19. Qxd8 Rfxd8 20. Nxc6 Bxc6 21. e5 Bxg2 22. Kxg2 h6 23. Bxf6 gxf6 24. Ne4 Bd4 25. Nxf6+ Kg7 26. Rae1 Rac8 27. Re4 Bxb2 28. Rg4+ Kh8 29. Re1 Rc4 30. Re2 Ba3 31. Rd2 Rcc8 32. Re2 Be7 33. Rh4 Kg7 34. Rg4+ Kh8 35. Rh4 Bxf6 1/2-1/2

[Event "COL-ch Rapid"]
[Site "Villavicencio"]
[Date "2021.11.14"]
[Round "6"]
[White "Cardoso Cardoso, Jose Gabriel"]
[Black "Guarin Fonseca, Nobel Alfredo"]
[Result "1-0"]
[WhiteElo "2321"]
[BlackElo "1491"]
[PlyCount "121"]
[EventDate "2021.11.13"]
[EventType "swiss (rapid)"]
[EventRounds "9"]
[EventCountry "COL"]
[SourceTitle "CBM 205 Extra"]
[Source "ChessBase"]
[SourceDate "2022.01.31"]
[SourceVersion "1"]
[SourceVersionDate "2022.01.31"]
[SourceQuality "1"]

1. e4 e6 2. d4 d5 3. Nc3 dxe4 4. Nxe4 Nd7 5. Nf3 Ngf6 6. Bd3 b6 7. Nxf6+ Nxf6 8. Ne5 a6 9. Qf3 Qd5 10. Qxd5 exd5 11. 0-0 Bd6 12. Re1 0-0 13. Bg5 Ng4 14. h3 Nxf2 15. Kxf2 f6 16. Bxf6 Rxf6+ 17. Kg1 Bf5 18. Rad1 Re8 19. b3 Bxd3 20. Nxd3 Rfe6 21. Rxe6 Rxe6 22. Kf2 Rf6+ 23. Ke2 Re6+ 24. Kd2 Re4 25. c3 Be7 26. Re1 Bg5+ 27. Kd1 Rxe1+ 28. Kxe1 Bf6 29. Nb4 c5 30. Nxd5 Bd8 31. dxc5 bxc5 32. Ke2 Kf7 33. Kd3 Ke6 34. Ke4 g5 35. g4 h6 36. b4 cxb4 37. cxb4 Kd6 38. a4 Ke6 39. b5 axb5 40. axb5 Kd6 41. Kd4 Ba5 42. b6 Kc6 43. Ke5 Bd2 44. Ke6 Bc1 45. Ne7+ Kxb6 46. Nf5 Kc7 47. Nxh6 Kd8 48. Nf7+ Ke8 49. Kf6 Bb2+ 50. Kg6 Kf8 51. Nxg5 Kg8 52. h4 Bc1 53. h5 Be3 54. h6 Bxg5 55. Kxg5 Kh7 56. Kh5 Kh8 57. Kg6 Kg8 58. g5 Kh8 59. Kf7 Kh7 60. g6+ Kh8 61. g7+ 1-0

[Event "Central America Carribean-ch U20"]
[Site "Pereira"]
[Date "2021.09.24"]
[Round "5"]
[White "Bolanos Lopez, Juan Jacobo"]
[Black "Guarin Fonseca, Nobel Alfredo"]
[Result "1-0"]
[WhiteElo "1603"]
[BlackElo "1852"]
[PlyCount "91"]
[EventDate "2021.09.21"]
[EventType "swiss"]
[EventRounds "9"]
[EventCountry "COL"]
[SourceTitle "EXT 2023"]
[Source "ChessBase"]
[SourceDate "2022.10.05"]
[SourceVersion "1"]
[SourceVersionDate "2022.10.05"]
[SourceQuality "1"]

1. e4 e6 2. d4 d5 3. Bd3 c5 4. exd5 exd5 5. Nf3 Nc6 6. 0-0 Bd6 7. dxc5 Bxc5 8. Nbd2 Nge7 9. Nb3 Bb6 10. c3 Bg4 11. h3 Bh5 12. Re1 Qd6 13. Be3 Ne5 14. g4 Nxd3 15. Qxd3 Bg6 16. Qb5+ Kf8 17. Bc5 Bxc5 18. Qxc5 Rd8 19. Qxa7 h5 20. Qc5 hxg4 21. Qxd6 Rxd6 22. hxg4 Rf6 23. Kg2 Be4 24. Nbd2 Rf4 25. Kg3 Ng6 26. Nxe4 dxe4 27. Ne5 Rh3+ 28. Kxh3 Nxe5 29. Re2 Nxg4 30. Kg3 g5 31. Rd1 Nf6 32. Rd4 Nh5+ 33. Kg2 f5 34. a4 Rh4 35. Kg1 Nf4 36. Re3 Nh3+ 37. Kf1 Nf4 38. Kg1 Nh3+ 39. Rxh3 Rxh3 40. Rd7 f4 41. Rxb7 e3 42. fxe3 f3 43. a5 Rh6 44. Rb6 Rh7 45. a6 Ra7 46. Rb8+ 1-0

[Event "COL-ch Cat B/C U2200"]
[Site "Medellin"]
[Date "2021.06.14"]
[Round "7"]
[White "Guarin Fonseca, Nobel Alfredo"]
[Black "Cordoba Roa, Angel Gabriel"]
[Result "0-1"]
[WhiteElo "1789"]
[BlackElo "1908"]
[PlyCount "62"]
[EventDate "2021.06.10"]
[EventType "swiss"]
[EventRounds "7"]
[EventCountry "COL"]
[SourceTitle "EXT 2022"]
[Source "ChessBase"]
[SourceDate "2021.10.06"]
[SourceVersion "1"]
[SourceVersionDate "2021.10.06"]
[SourceQuality "1"]

1. e4 c5 2. Nf3 d6 3. Nc3 Nc6 4. d4 cxd4 5. Nxd4 e5 6. Ndb5 a6 7. Na3 b5 8. Nd5 Nf6 9. Bg5 Be7 10. Bxf6 Bxf6 11. c3 0-0 12. Bd3 Be6 13. Nxf6+ Qxf6 14. Nc2 Rfd8 15. Ne3 Ne7 16. 0-0 Rab8 17. Qc2 g6 18. a4 d5 19. exd5 Nxd5 20. Nxd5 Bxd5 21. axb5 axb5 22. Be4 Bxe4 23. Qxe4 Rd2 24. Qb4 Qb6 25. h3 Rbd8 26. Rae1 R8d5 27. Re3 Rxf2 28. Kxf2 Rd2+ 29. Kf3 Qf6+ 30. Kg3 Qxf1 31. Qe4 Rxg2+ 0-1

[Event "COL-ch Cat B/C U2200"]
[Site "Medellin"]
[Date "2021.06.12"]
[Round "4"]
[White "Guarin Fonseca, Nobel Alfredo"]
[Black "Leon Acevedo, Juan Alejandro"]
[Result "1-0"]
[WhiteElo "1789"]
[BlackElo "1896"]
[PlyCount "115"]
[EventDate "2021.06.10"]
[EventType "swiss"]
[EventRounds "7"]
[EventCountry "COL"]
[SourceTitle "EXT 2022"]
[Source "ChessBase"]
[SourceDate "2021.10.06"]
[SourceVersion "1"]
[SourceVersionDate "2021.10.06"]
[SourceQuality "1"]

1. e4 c5 2. Nf3 e6 3. g3 Nc6 4. Bg2 d6 5. d4 cxd4 6. Nxd4 Nf6 7. 0-0 Bd7 8. Nb5 Qb8 9. Bf4 e5 10. Bg5 a6 11. N5c3 Be7 12. Bxf6 Bxf6 13. Nd5 Qd8 14. Nbc3 0-0 15. Na4 b5 16. Nab6 Ra7 17. a4 Rb7 18. axb5 axb5 19. Ra8 Rb8 20. Nxf6+ gxf6 21. Rxb8 Nxb8 22. Nxd7 Qxd7 23. Qh5 Kg7 24. Bh3 Qe7 25. f4 Nc6 26. Qg4+ Kh8 27. Qd7 Qxd7 28. Bxd7 Nd4 29. c3 Rd8 30. Bg4 Nc6 31. fxe5 Nxe5 32. Be2 d5 33. Rd1 b4 34. Rxd5 Rxd5 35. exd5 bxc3 36. bxc3 Kg7 37. c4 Nd7 38. Kf2 Nc5 39. Ke3 Kf8 40. Kd4 Nb3+ 41. Kc3 Nc5 42. Bd3 h6 43. Bf5 Ke7 44. Kb4 Kd6 45. Kb5 Nb3 46. Bg4 f5 47. Kb4 Nc5 48. Bxf5 f6 49. Kb5 Nb7 50. Bh3 Nc5 51. Bf1 Nb7 52. Be2 Nc5 53. Kb6 Ne4 54. Kb7 f5 55. Kb6 Nc5 56. Bd1 Nd7+ 57. Kb5 Nc5 58. Bc2 1-0

[Event "COL-ch U16"]
[Site "Bogota"]
[Date "2021.03.26"]
[Round "4"]
[White "Guarin Fonseca, Nobel Alfredo"]
[Black "Suarez Ardila, Luisa Maria"]
[Result "0-1"]
[WhiteElo "1862"]
[BlackElo "1724"]
[PlyCount "146"]
[EventDate "2021.03.24"]
[EventType "swiss"]
[EventRounds "7"]
[EventCountry "COL"]
[SourceTitle "EXT 2022"]
[Source "ChessBase"]
[SourceDate "2021.10.06"]
[SourceVersion "1"]
[SourceVersionDate "2021.10.06"]
[SourceQuality "1"]

1. Nf3 Nf6 2. b3 g6 3. Bb2 Bg7 4. g3 d6 5. d4 Nbd7 6. Bg2 0-0 7. c4 c6 8. 0-0 Re8 9. Nc3 Qc7 10. e4 e5 11. dxe5 Nxe5 12. Qd2 Nxf3+ 13. Bxf3 Bg4 14. Bg2 Rad8 15. h3 Be6 16. Rad1 Qc8 17. Kh2 a6 18. Ba3 d5 19. cxd5 cxd5 20. Nxd5 Bxd5 21. exd5 Re5 22. d6 Bf8 23. Rfe1 Rxe1 24. Rxe1 Qd7 25. Rd1 Ne8 26. Qd4 Bxd6 27. Bb2 f6 28. Qd5+ Kg7 29. Kh1 b6 30. g4 Qe7 31. Qf3 Bc7 32. g5 Rxd1+ 33. Qxd1 Qd6 34. Qxd6 Bxd6 35. Bc6 Kf7 36. Bxe8+ Kxe8 37. Bxf6 Bc5 38. Kg2 Kf7 39. h4 h5 40. Bc3 a5 41. Kf3 Ke6 42. Bd2 Be7 43. Ke4 Bd6 44. Bc3 Bc5 45. Be1 b5 46. f3 b4 47. Bg3 Bb6 48. Be5 Bf2 49. Bc7 Bxh4 50. Bxa5 Bxg5 51. Bxb4 h4 52. Be1 Be7 53. f4 Bf6 54. Kf3 h3 55. Kg3 Bh4+ 56. Kxh3 Bxe1 57. Kg4 Kf6 58. a3 Bd2 59. b4 Bc3 60. b5 Ba5 61. a4 Bc7 62. Kg3 g5 63. b6 Bxf4+ 64. Kg4 Be3 65. a5 Bc5 66. Kf3 Kf5 67. b7 Ba7 68. a6 g4+ 69. Kg3 Bb8+ 70. Kg2 Kf4 71. Kg1 Kf3 72. Kh1 g3 73. a7 g2+ 0-1